000 01056nam a22003497a 4500
001 066
003 DO-SdBNP
005 20180220111818.0
007 066
008 151005b 1993 sp a 00| 0 spa d
020 _a8434819791
040 _aBPMSU
_bspa
_cBPMSU
092 _aXXXX
_bXXXX
100 1 _aCorcoran, Bárbara
240 1 0 _aChild of the morning /
_f1986
_leng
245 1 0 _aLa hija de la mañana /
_cBárbara Corcoran ; ilustraciones Javier Aguirre de Navasqüe ; traducción José Enrique Cubedo ; colección dirigida por Marinella Terzi
250 _a7a. ed.
260 _aMadrid :
_bEdiciones SM,
_c1993.
300 _a149 p. :
_bil. ;
_c19 cm.
490 0 _aEl barco de vapor
_v30
490 0 _aRoja
521 1 _aA partir de los 12 años
700 1 2 _aTerzi, Marinella
_edir.
700 1 2 _aAguirre de Navasqüe, Javier
_eil.
700 1 2 _aCubedo, José Enrique
_etrad.
830 0 _aBarco de vapor
_n30
830 0 _aRoja
910 _a202
942 _2ddc
_cBK
945 _aInventariado, 2018/ YL
956 _aYLOCKWARD
_b10
_cBPMSU
999 _c8478
_d8478